00379 2200133 4500001002100000005001700021006001900038008004100057035002600098100001900124245006000143260002500203990001700228INLIS00000000000358220170118083710.0a ||| | 171130| ||| |  a 0010-0117000000002110 a KAWAN PUSTAKA00a 90 MENU MASAKAN NUSANTARA SEBULAN(KOLEKSI AUDIOVISUAL) a Koleksi Audiovisual a 249/CD/2016